Rural Scotland (Record no. 109998)

MARC details
000 -LEADER
fixed length control field 01280cad a22002295a 4500
001 - CONTROL NUMBER
control field E148300
008 - FIXED-LENGTH DATA ELEMENTS--GENERAL INFORMATION
fixed length control field 090901s2007 xxk f s000 0 eng d
020 ## - INTERNATIONAL STANDARD BOOK NUMBER
International Standard Book Number 978075594467
035 ## - SYSTEM CONTROL NUMBER
System control number (Sirsi) u148300
041 0# - LANGUAGE CODE
Language code of text/sound track or separate title eng
050 04 - LIBRARY OF CONGRESS CALL NUMBER
Classification number 630 $2 18
110 1# - MAIN ENTRY--CORPORATE NAME
Corporate name or jurisdiction name as entry element Scotland
Subordinate unit Scottish Executive
9 (RLIN) 4769
245 00 - TITLE STATEMENT
Title Rural Scotland
Remainder of title better still, naturally
Medium [electronic resource]
260 ## - PUBLICATION, DISTRIBUTION, ETC.
Place of publication, distribution, etc. Edinburgh
Name of publisher, distributor, etc. Scottish Executive
Date of publication, distribution, etc. 2007
505 2# - FORMATTED CONTENTS NOTE
Formatted contents note Ministerial foreword -- Executive summary -- Setting the context: introduction; rural Scotland in context -- Taking stock, progress and challenges: growing the rural economy; making the most of our heritage; delivering better services; supporting thriving rural communities -- Looking to the future: rural Scotland futures; next steps; working together for rural Scotland -- Annexes
520 ## - SUMMARY, ETC.
Summary, etc. Examines possibilities for the future of Scotland's rural areas which will help to ensure sustainable growth, increased inclusion and better services.
521 ## - TARGET AUDIENCE NOTE
Target audience note Advanced
651 #4 - SUBJECT ADDED ENTRY--GEOGRAPHIC NAME
Geographic name Scotland
Chronological subdivision 1999-
690 ## - LOCAL SUBJECT ADDED ENTRY--TOPICAL TERM (OCLC, RLIN)
Topical term or geographic name as entry element PROPERTY-RURAL AND NATURAL ASSETS-RURAL AND NATURAL ASSET DEVELOPMENT
856 40 - ELECTRONIC LOCATION AND ACCESS
Uniform Resource Identifier <a href="https://www.scotland.gov.uk/Publications/2007/03/27152428/0">https://www.scotland.gov.uk/Publications/2007/03/27152428/0</a>
Public note View the report free of charge at www.scotland.gov.uk...
942 ## - ADDED ENTRY ELEMENTS (KOHA)
Suppress in OPAC 0
Holdings
Withdrawn status Lost status Source of classification or shelving scheme Damaged status Not for loan Home library Current library Shelving location Date acquired Total Checkouts Full call number Barcode Date last seen Copy number Price effective from Koha item type
    Dewey Decimal Classification     Virtual Virtual Online 01/09/2009   ONLINE PUBLICATION 148300-2001 06/08/2019 1 06/08/2019 Book